Biblioteca

The church and community development : An introduction / George Lovell (Registro nro. 45574)

Detalles MARC
000 -LÍDER
Campo fijo de descripción fija 010980000a22002170004500
020 ## - NÚMERO INTERNACIONAL NORMALIZADO PARA LIBROS
Número Internacional Normalizado del libro 0-7150-0051-9
082 04 - NÚMERO DE CLASIFICACIÓN DECIMAL DEWEY
Número de clasificación G 261.1 L68c
001 - NÚMERO DE CONTROL
Campo de control 19203
100 1# - ASIENTO PRINCIPAL--NOMBRE PERSONAL
Nombre personal Lovell, George
245 10 - TÍTULO
Título del Material The church and community development : An introduction / George Lovell
250 ## - MENCIÓN DE EDICIÓN
Mención de edición Edición revisada
260 ## - PUBLICACIÓN, DISTRIBUCIÓN, ETC. (PIE DE IMPRENTA)
Lugar de publicación, distribución, etc. Middlesex, England : Grail Publications
300 ## - DESCRIPCIÓN FÍSICA
Extensión xvi, 80 páginas
336 ## - CONTENT TYPE
Content type term texto
Content type code txt
Source rdacontent
337 ## - MEDIA TYPE
Source rdamedia
Media type term sin mediación
Media type code n
338 ## - CARRIER TYPE
Source rdacarrier
Carrier type term volumen
Carrier type code nc
501 ## - NOTA DE “CON”
Nota de Contenido Rústico
505 00 - NOTA DE CONTENIDO
Nota de contenido con formato preestablecido El desarrollo de la comunidad y la iglesia - Buscando y trabajando para una comunidad ideal - Valores, creencias y actitudes básicas en trabajar con la gente - El método de trabajo en grupos sin dirección - La iglesia, el estado, y proyectos para el desarrollo de la comunidad - La misión y desarrollo del mundo de Dios y iglesia - Programas de desarrollo local - Algunas dificultades - Preparación y capacitación en la iglesia para trabajo en el desarrollo de la comunidad
650 14 - ASIENTO SECUNDARIO DE MATERIA - TERMINO TEMÁTICO
Término temático o nombre geográfico como elemento de entrada Iglesia y Sociedad \ Trabajo social religioso
942 ## - TIPO DE MATERIAL (KOHA)
Tipo de Item KOHA Libros General
Existencias
Estado de Material Estado de Perdido Estado de Dañado No para Préstamo Colección Tomo Biblioteca de Origen Biblioteca Permanente Fecha de Adquisición Total de Préstamos Signatura Topográfica Código de Barras Última vez visto Ejemplar/Existencia Fecha de Remplazo Tipo de Material
        Colección General   Biblioteca FUSBC Biblioteca FUSBC 11/03/2015   G 261.1 L68c 19234 12/12/2019 1 26/01/2016 Libros General

Biblioteca FUSBC | Teléfono: (57+4) 349 88 10 Ext. 141| WhatsApp (+57) 3005338115 
E-mail: biblioteca@unisbc.edu.co | Calle 76 87-14 Robledo Palenque, Medellín, Colombia

Con tecnología Koha